Электромеханические устройства и системы управления промышленных роботов: сборник научных трудов

Dettagli Bibliografici
Ente Autore: Воронежский политехнический институт (ВПИ)
Altri autori: Шиянов А. И. (редактор)
Lingua:russo
Pubblicazione: Воронеж, Изд-во ВПИ, 1985
Soggetti:
Natura: MixedMaterials Libro
KOHA link:https://koha.lib.tpu.ru/cgi-bin/koha/opac-detail.pl?biblionumber=273452

MARC

LEADER 00000nam0a2200000 4500
001 273452
005 20231101234630.0
035 |a (RuTPU)RU\TPU\book\296661 
090 |a 273452 
100 |a 20141027d1985 k y0rusy50 ca 
101 0 |a rus 
102 |a RU 
105 |a a z 001zy 
200 1 |a Электромеханические устройства и системы управления промышленных роботов  |e сборник научных трудов  |f Воронежский политехнический институт (ВПИ) ; под ред. А. И. Шиянова 
210 |a Воронеж  |c Изд-во ВПИ  |d 1985 
215 |a 177 с.  |c ил. 
320 |a Библиогр. в конце ст. 
606 1 |a Робототехника  |2 stltpush  |3 (RuTPU)RU\TPU\subj\25261  |9 49463 
610 1 |a электромеханические устройства 
610 1 |a промышленные роботы 
610 1 |a управление 
610 1 |a электрические приводы 
610 1 |a электроприводы 
610 1 |a перспективы 
610 1 |a асинхронные электроприводы 
610 1 |a захват 
675 |a 621.865.8  |v 3 
702 1 |a Шиянов  |b А. И.  |4 340 
712 0 2 |a Воронежский политехнический институт (ВПИ)  |c (1962-1992)  |2 stltpush  |3 (RuTPU)RU\TPU\col\314 
801 1 |a RU  |b 63413507  |c 20141027 
801 2 |a RU  |b 63413507  |c 20160421  |g RCR 
942 |c BK